Death drops the pilot /

Saved in:
Bibliographic Details
Main Author: Bellairs, George, 1902-
Format: Book
Language:English
Published: London : Thriller Book Club, [19--]
LEADER 00738nam a2200205 a 4500
001 c000093921
003 CARM
005 00000000000000.0
008 940527n enk 00011 eng d
019 1 |a 10929233  |5 LACONCORD2021 
035 |a (OCoLC)54685029  |5 LACONCORD2021 
040 |a VLINC  |c VLINC 
100 1 |a Bellairs, George,  |d 1902- 
245 1 0 |a Death drops the pilot /  |c by George Bellairs. 
260 |a London :  |b Thriller Book Club,  |c [19--] 
300 |a 222 p. ;  |c 19 cm. 
852 8 |b CARM  |h A2:AO09A0  |i A01239  |p 0112595  |f BK 
082 0 4 |a 823.914  |2 20 
999 f f |i 0667f496-1f78-5bbe-a875-edc18ce99dc6  |s 970b3e01-f56a-5383-ab46-1bec5195618e 
952 f f |p Can circulate  |a CAVAL  |b CAVAL  |c CAVAL  |d CARM 1 Store  |e A01239  |f A2:AO09A0  |h Other scheme  |i book  |m 0112595